000 01114nam a2200217Ia 4500
003 Ost
005 20260507075524.0
008 260507s9999||||xx |||||||||||||| ||und||
020 _a5830299579
040 _cfsecg
041 _aara
082 _a600
100 _aسليمان، بلعور
_eمؤلف
245 0 _aالتسيير المالي :
_bمحاضرات وتطبيقات /
_c بلعور سليمان
260 _aعمان:
_bدار مجدلاوي للنشر والتوزيع,
_c2015
300 _a204 صفحة؛
_bإيضاحات ؛
_c24 سم
504 _aبيبليوغرافيا: ص.193-194
520 _aمدخل حول الوظيفة المالية والتسيير المالي،المقاربات الكلاسيكية،التحليل المالي وفق مقاربة سيولة-استحقاق،التحليل الوظيفي،النسب المالية كأداة للتحليل المالي،الاحتياج في رأس مال العامل المعياري،تحليل المردودية وأثر الرافعة المالية
653 _aالادارة المالية
942 _cكتاب
999 _c44787
_d44787